| 000 | 00367 a2200157 4500 | ||
|---|---|---|---|
| 999 |
_c12707 _d12707 |
||
| 003 | OSt | ||
| 005 | 20240703184759.0 | ||
| 008 | 240703b ||||| |||| 00| 0 eng d | ||
| 020 | _a9788412721508 | ||
| 082 | _a[720.92 GAL] | ||
| 100 | _aLuis Fernández-Galiano | ||
| 245 | _aProfessor Moneo | ||
| 260 |
_bArquitectura Viva _c2023, |
||
| 300 | _a93p; | ||
| 942 | _2ddc | ||